[Event "VIE-chT"]
[Site "Ho Chi Minh City"]
[Date "2019.10.02"]
[Round "9.37"]
[White "Le, Hong Phuc"]
[Black "Tran, Minh Khang"]
[Result "0-1"]
[WhiteElo "1898"]
[BlackElo "1904"]
[PlyCount "58"]
[EventDate "2019.09.26"]
[EventType "team-swiss"]
[EventRounds "9"]
[EventCountry "VIE"]
[SourceTitle "EXT 2020"]
[Source "ChessBase"]
[SourceDate "2019.10.17"]
[SourceVersion "1"]
[SourceVersionDate "2019.10.17"]
[SourceQuality "1"]

1. e4 c5 2. Nf3 d6 3. d4 cxd4 4. Nxd4 Nf6 5. f3 g6 6. c4 Bg7 7. Be3 0-0 8. Nc3 Nc6 9. Be2 Nxd4 10. Bxd4 Be6 11. Rc1 b6 12. 0-0 Rc8 13. Nd5 Nxd5 14. cxd5 Rxc1 15. Qxc1 Bxd4+ 16. Kh1 Bd7 17. Qd2 Bg7 18. Ba6 Bc8 19. Bb5 Bb7 20. Rc1 a6 21. Bd3 Qd7 22. Rc3 Rc8 23. Ra3 b5 24. h4 Qc7 25. Kh2 Qc1 26. Qa5 Be5+ 27. g3 Qxb2+ 28. Kh3 Rf8 29. Rb3 Bc8+ 0-1

[Event "VIE-chT"]
[Site "Ho Chi Minh City"]
[Date "2019.09.29"]
[Round "5.30"]
[White "Nguyen, Van Quan"]
[Black "Le, Hong Phuc"]
[Result "0-1"]
[WhiteElo "1783"]
[BlackElo "1898"]
[PlyCount "83"]
[EventDate "2019.09.26"]
[EventType "team-swiss"]
[EventRounds "9"]
[EventCountry "VIE"]
[SourceTitle "EXT 2020"]
[Source "ChessBase"]
[SourceDate "2019.10.17"]
[SourceVersion "1"]
[SourceVersionDate "2019.10.17"]
[SourceQuality "1"]

1. d4 d5 2. c4 e6 3. Nc3 Nf6 4. Bg5 Be7 5. Nf3 Nbd7 6. e3 0-0 7. a3 Ne4 8. Nxe4 dxe4 9. Bxe7 Qxe7 10. Nd2 f5 11. g3 b6 12. b4 c5 13. bxc5 bxc5 14. Bg2 Bb7 15. 0-0 Rfd8 16. Nb3 Rac8 17. Na5 Ba6 18. Qb3 cxd4 19. exd4 Nb6 20. c5 Bxf1 21. Bxf1 Nd5 22. Bb5 Qc7 23. Nc6 Rf8 24. Nb4 Qf7 25. Bc4 Rfd8 26. Rc1 a5 27. Nxd5 exd5 28. Ba6 Rb8 29. Qc3 Qc7 30. c6 Rd6 31. Bb7 Rf8 32. Qd2 f4 33. Rc5 fxg3 34. hxg3 Qb6 35. Qa2 Kh8 36. Qc2 Qc7 37. Qd2 Rg6 38. Rxd5 Qf7 39. Rd7 Qf5 40. Qe3 Qh3 41. Rd5 Rh6 42. Qxe4 0-1

[Event "VIE-chT"]
[Site "Ho Chi Minh City"]
[Date "2019.09.27"]
[Round "3.29"]
[White "Dang, Anh Quoc"]
[Black "Le, Hong Phuc"]
[Result "1-0"]
[WhiteElo "1683"]
[BlackElo "1898"]
[PlyCount "65"]
[EventDate "2019.09.26"]
[EventType "team-swiss"]
[EventRounds "9"]
[EventCountry "VIE"]
[SourceTitle "EXT 2020"]
[Source "ChessBase"]
[SourceDate "2019.10.17"]
[SourceVersion "1"]
[SourceVersionDate "2019.10.17"]
[SourceQuality "1"]

1. d4 d5 2. Nf3 Nf6 3. g3 Bf5 4. Bg2 Nbd7 5. b3 e6 6. 0-0 Bd6 7. Bb2 0-0 8. Nbd2 Qe7 9. h3 h6 10. Ne5 c5 11. Nxd7 Nxd7 12. e4 dxe4 13. Nxe4 Bxe4 14. Bxe4 Nf6 15. Bg2 Rad8 16. Qf3 Rd7 17. Rad1 Rfd8 18. Rfe1 Nh7 19. d5 e5 20. Qf5 Re8 21. f4 f6 22. Qe6+ Qf7 23. fxe5 Bxe5 24. Qxf7+ Kxf7 25. Bxe5 fxe5 26. Rd2 Nf6 27. c4 Rd6 28. Rde2 Nd7 29. h4 Kf6 30. Rf1+ Ke7 31. Bh3 Rg6 32. Kg2 Kd6 33. Rf7 1-0

[Event "VIE-chT"]
[Site "Ho Chi Minh City"]
[Date "2019.09.27"]
[Round "2.19"]
[White "Le, Hong Phuc"]
[Black "Le, Cong Cuong"]
[Result "0-1"]
[WhiteElo "1898"]
[BlackElo "2066"]
[PlyCount "70"]
[EventDate "2019.09.26"]
[EventType "team-swiss"]
[EventRounds "9"]
[EventCountry "VIE"]
[SourceTitle "EXT 2020"]
[Source "ChessBase"]
[SourceDate "2019.10.17"]
[SourceVersion "1"]
[SourceVersionDate "2019.10.17"]
[SourceQuality "1"]

1. e4 c5 2. Nf3 Nc6 3. Bb5 d6 4. c3 Qb6 5. Na3 Bg4 6. h3 Bh5 7. Qe2 a6 8. Ba4 Nf6 9. g4 Bg6 10. e5 dxe5 11. Nxe5 Be4 12. f3 Bd5 13. Nac4 Qc7 14. Bxc6+ Bxc6 15. Nxc6 Qxc6 16. Ne5 Qd5 17. a4 e6 18. 0-0 Bd6 19. Nc4 Bc7 20. Rb1 0-0 21. b4 Rfd8 22. Ne3 Qa2 23. Rb2 Qxa4 24. bxc5 Qc6 25. Qc4 Nd5 26. Nxd5 Rxd5 27. d4 b5 28. Qe2 e5 29. Be3 Re8 30. Qf2 exd4 31. cxd4 a5 32. Rfb1 b4 33. Qd2 Rd7 34. Bf4 Rdd8 35. Be3 Qxf3 0-1